| 000 | 00381nam a2200157 a 4500 | ||
|---|---|---|---|
| 003 | DLC | ||
| 005 | 20210219152715.0 | ||
| 022 | _a0096-140X | ||
| 035 | _aUPN01000059321 | ||
| 245 | 0 | 0 | _aAGGRESSIVE BEHAVIOR |
| 260 |
_aEUA : _bInternational Society for Research on Aggression _c1975 |
||
| 310 | _aBimestral | ||
| 653 | 0 | _aCONDUCTA AGRESIVA | |
| 905 | _aRevista | ||
| 999 |
_c59318 _d59318 |
||